000 00978nam a22003137a 4500
003 EG-ScBUE
005 20220821132140.0
008 090315t2008 sz a f d 000 0 eng d
020 _a2940373620
020 _a9782940373628
040 _aEG-ScBUE
_beng
_erda
_cEG-ScBUE
_dEG-ScBUE
082 0 4 _222
_a720.284
_bFAR
100 1 _92035
_aFarrelly, Lorraine,
_eauthor.
245 1 0 _aRepresentational techniques /
_cLorraine Farrelly.
264 1 _aLausanne, Switzerland :
_bAva Publishing,
_c[2008]
264 4 _cc2008
300 _a175 pages :
_bcolor illustrations ;
_c23 cm.
336 _2rdacontent
_atext
_btxt
337 _2rdamedia
_aunmediated
_bn
338 _2rdacarrier
_avolume
_bnc
490 0 _aBasics architecture ;
_v01
500 _aIncludes glossary.
650 7 _aArchitectural drawing.
_2BUEsh
650 7 _aArchitectural design
_xData processing.
_2BUEsh
651 _2BUEsh
653 _bENGARC
655 _vReading book
_934232
942 _2ddc
_cBB
999 _c11076
_d11076